000
00309nam a22001217a 4500
008
160521b xxu||||| |||| 00| 0 eng d
020
_a
9780073525518
020
_a
9780073525518
041
_a
eng
080
_a
579
245
_a
Essentials of biology:
_c
Sylvia S. Mader; Michael Windelspecht;
942
_2
udc
_c
BK
999
_c
2354
_d
2354